书目信息 |
| 题名: |
工业通信网络与系统集成
|
|
| 作者: | 冯冬芹 , 黄文君 编著 | |
| 分册: | ||
| 出版信息: | 北京 科学出版社 2005.1 |
|
| 页数: | 393页 | |
| 开本: | 24cm | |
| 丛书名: | 863现代集成制造系统技术丛书 | |
| 单 册: | ||
| 中图分类: | TN915 | |
| 科图分类: | ||
| 主题词: | 工业--gong ye--通信网--研究 , 工业--gong ye , 通信网--ton xin wang | |
| 电子资源: | ||
| ISBN: | 7-03-014421-X | |
| 000 | 01165nam0 2200301 45 | |
| 001 | 012005000000 | |
| 005 | 20051207085840.30 | |
| 010 | @a7-03-014421-X@dCNY52.00 | |
| 100 | @a20050219d2005 em y0chiy0121 ea | |
| 101 | 0 | @achi |
| 102 | @aCN@b110000 | |
| 105 | @afk z 000yy | |
| 200 | 1 | @a工业通信网络与系统集成@Agon ye ton xin wang luo yu xi tong ji cheng@f冯冬芹,黄文君等编著 |
| 210 | @a北京@c科学出版社@d2005.1 | |
| 215 | @a393页@c图@d24cm | |
| 225 | 2 | @a863现代集成制造系统技术丛书@A863 xian dai ji cheng zhi zao xi ton ji shu cong shu@f杨海成主编 |
| 320 | @a有书目(第390-393页) | |
| 330 | @a本书紧扣当前工业自动化领域的发展热点,理论联系实际,内容涉及原理介绍、技术分析和应用实例,对工业通信网络和系统集成做了较全面的阐述。 | |
| 333 | @a阅读对象:高等院校仪器仪表、工业自动化专业的本科生、研究生及相关工程技术人员等 | |
| 461 | 0 | @12001 @a863现代集成制造系统技术丛书 |
| 606 | 0 | @a工业@Agong ye@x通信网@x研究 |
| 606 | 0 | @a工业@Agong ye |
| 606 | 0 | @a通信网@Aton xin wang |
| 690 | @aTN915@v4 | |
| 701 | 0 | @a冯冬芹@Afeng dong qin@4编著 |
| 701 | 0 | @a黄文君@Ahuang wen jun@4编著 |
| 801 | 0 | @aCN@bSRXX@c20051207 |
| 905 | @a10447@dTN915@eF440 | |
| 工业通信网络与系统集成/冯冬芹,黄文君等编著.-北京:科学出版社,2005.1 |
| 393页:图;24cm.-(863现代集成制造系统技术丛书/杨海成主编) |
| 使用对象:阅读对象:高等院校仪器仪表、工业自动化专业的本科生、研究生及相关工程技术人员等 |
| ISBN 7-03-014421-X:CNY52.00 |
| 本书紧扣当前工业自动化领域的发展热点,理论联系实际,内容涉及原理介绍、技术分析和应用实例,对工业通信网络和系统集成做了较全面的阐述。 |
| ● |
| 相关链接 |
|
|
|
正题名:工业通信网络与系统集成
索取号:TN915/F440
 
预约/预借
| 序号 | 登录号 | 条形码 | 馆藏地/架位号 | 状态 | 备注 |
| 1 | 545389 | 205453891 | 自科库301/301自科库 28排4列5层/ [索取号:TN915/F440] | 在馆 | |
| 2 | 545390 | 205453908 | 自科库301/301自科库 38排1列1层/ [索取号:TN915/F440] | 在馆 | |
| 3 | 545391 | 205453917 | 自科库301/301自科库 38排1列1层/ [索取号:TN915/F440] | 在馆 |